00875nam a2200217 a 4500008004100000020001800041050001500059100002400074245008500098250001200183260002700195300002100222350000900243490003000252650004300282650002100325650005400346995010900400999001700509952013100526101013s2007 ||||||||||||||||| || u a9781846286582 aT 58.5 Kiz aKizza, Joseph Migga10aEthical and social issues in the information age. -- 3rd ed.cJoseph Migga Kizza a3rd ed. aLondonbSpringerc2007 axxii, 429p.: ill a0.00 aTexts in computer science 0aINFORMATION TECHNOLOGY--SOCIAL ASPECTS 7aTECHNOLOGY2fast aINFORMATION TECHNOLOGY--MORAL AND ETHICAL ASPECTS D0.00FCBU-MAIN LIBRARY (Kitwe)H1I0.00M1UAVAILABLEWDec 22, 2010ZMain Library Open Access Collection c42512d42512 00102lcc4070a001b001cMain Library Open Access Collectiond2022-11-30l0oT 58.5 Kizp741864r2022-11-30w2022-11-30y002